The first advance/ (Record no. 13357)
[ view plain ]
| 000 -LEADER | |
|---|---|
| fixed length control field | 01169nam a22002297a 4500 |
| 001 - CONTROL NUMBER | |
| control field | 13357 |
| 005 - DATE AND TIME OF LATEST TRANSACTION | |
| control field | 20251013112938.0 |
| 008 - FIXED-LENGTH DATA ELEMENTS--GENERAL INFORMATION | |
| fixed length control field | 250929b |||||||| |||| 00| 0 eng d |
| 020 ## - INTERNATIONAL STANDARD BOOK NUMBER | |
| International Standard Book Number | 0281045615 |
| 020 ## - INTERNATIONAL STANDARD BOOK NUMBER | |
| International Standard Book Number | 9780281045617 |
| 040 ## - CATALOGING SOURCE | |
| Original cataloging agency | BSULIB |
| 082 ## - DEWEY DECIMAL CLASSIFICATION NUMBER | |
| Classification number | 270.1 FOS |
| 100 ## - MAIN ENTRY--PERSONAL NAME | |
| Personal name | Foster, John |
| 9 (RLIN) | 25957 |
| 245 ## - TITLE STATEMENT | |
| Title | The first advance/ |
| Remainder of title | Church History 1: AD 29 - 500 |
| Statement of responsibility, etc | John Foster, Revised by W.H.C Frend |
| 250 ## - EDITION STATEMENT | |
| Edition statement | Revised ed. |
| 260 ## - PUBLICATION, DISTRIBUTION, ETC. (IMPRINT) | |
| Place of publication, distribution, etc | London: |
| Name of publisher, distributor, etc | Society for Promoting Christian Knowledge (SPCK); |
| Date of publication, distribution, etc | 1991. |
| 300 ## - PHYSICAL DESCRIPTION | |
| Extent | xii, 180p. : |
| Other physical details | ill. ; |
| Dimensions | 22 cm. |
| 505 ## - FORMATTED CONTENTS NOTE | |
| Formatted contents note | 1. Beginnings --2. The House-church --3. The church and its mission --4. Which Scriptures? Which creed? Which ministry? --5. The Roman Empire: through persecution to Pro-Christian Emperor --6. First Christian Kingdom and first Christian nation --7. Parthia/Persia: through persecution to toleration --8. Both shores of the Red Sea --9. Wild peoples of the north --10. Doctrines that matter most --11. The coming of the monks --12. What Christians today owe to the Early Church |
| 650 ## - SUBJECT ADDED ENTRY--TOPICAL TERM | |
| Source of heading or term | Church history |
| 650 ## - SUBJECT ADDED ENTRY--TOPICAL TERM | |
| Source of heading or term | Primitive and early church, ca. 30-600 |
| 942 ## - ADDED ENTRY ELEMENTS (KOHA) | |
| Source of classification or shelving scheme | Dewey Decimal Classification |
| Item type | Books |
| Withdrawn status | Lost status | Source of classification or shelving scheme | Damaged status | Not for loan | Home library | Current library | Shelving location | Date acquired | Source of acquisition | Inventory number | Total Checkouts | Full call number | Barcode | Date last seen | Copy number | Price effective from | Koha item type | Public note |
|---|---|---|---|---|---|---|---|---|---|---|---|---|---|---|---|---|---|---|
| Dewey Decimal Classification | Main Library | Main Library | Reserve Book Section | 29/09/2025 | Purchase | 10876 | 270.1 FOS | bsu25090491 | 29/09/2025 | 001 | 29/09/2025 | Books | Material available in hard copy | |||||
| Dewey Decimal Classification | Main Library | Main Library | Reserve Book Section | 13/10/2005 | Purchased | 4076 | 270.1 FOS | bsu25100227 | 13/10/2025 | 002 | 13/10/2025 | Books | Material available in hard copy | |||||
| Dewey Decimal Classification | Main Library | Main Library | Reserve Book Section | 14/10/2011 | Purchase | 4060 | 270.1 FOS | bsu25100261 | 13/10/2025 | 003 | 13/10/2025 | Books | Material available in hard copy |